[Event "4NCL 2021-22"]
[Site "England"]
[Date "2022.03.26"]
[Round "5.80"]
[White "Golding, William"]
[Black "Graham, Cassie M"]
[Result "1-0"]
[WhiteElo "1686"]
[BlackElo "1978"]
[Annotator "ChessBase"]
[PlyCount "53"]
[EventDate "2021.11.27"]
[EventType "team-tourn"]
[EventCountry "ENG"]
[SourceTitle "playchess.com"]
[Source "ChessBase"]
[SourceQuality "1"]
[TimeControl "40/6000+30:3000+30"]

1. d4 {[%emt 3:49:02]} Nf6 {[%emt 0:00:11]} 2. c4 {[%emt 0:00:08]} g6 {[%emt 0:00:10]} 3. Nf3 {[%emt 0:00:07]} Bg7 {[%emt 0:00:18]} 4. g3 {[%emt 0:00:17]} O-O {[%emt 0:01:18]} 5. Bg2 {[%emt 0:00:10]} d6 {[%emt 0:02:38]} 6. O-O {[%emt 0:00:31]} Nbd7 {[%emt 0:04:56]} 7. Nc3 {[%emt 0:01:02]} h6 {[%emt 0:04:35]} 8. e4 {[%emt 0:02:48]} e5 {[%emt 0:02:49]} 9. d5 {[%emt 0:01:15]} a5 {[%emt 0:01:14]} 10. Ne1 {[%emt 0:02:55]} Nc5 {[%emt 0:08:13]} 11. Be3 {[%emt 0:02:29]} b6 {[%emt 0:06:22]} 12. Bxc5 {[%emt 0:08:53]} bxc5 {[%emt 0:02:30]} 13. a4 {[%emt 0:00:38]} Nd7 {[%emt 0:10:18]} 14. Nd3 {[%emt 0:05:05]} f5 {[%emt 0:09:58]} 15. f4 {[%emt 0:03:04]} Nb6 {[%emt 0:04:15]} 16. Qb3 {[%emt 0:01:41]} exf4 {[%emt 0:06:35]} 17. Nxf4 {[%emt 0:01:36]} Qf6 {[%emt 0:03:34]} 18. Nfe2 {[%emt 0:04:43]} Ba6 {[%emt 0:02:41]} 19. Nb5 {[%emt 0:06:09]} Bxb5 {[%emt 0:00:47]} 20. axb5 {[%emt 0:02:05]} Qxb2 {[%emt 0:00:35]} 21. Qd3 {[%emt 0:03:19]} Qb4 {[%emt 0:07:17]} 22. Rac1 {[%emt 0:02:07]} g5 {[%emt 0:04:10]} 23. exf5 {[%emt 0:01:44]} a4 {[%emt 0:00:36]} 24. f6 {[%emt 0:03:47]} Bxf6 {[%emt 0:10:12]} 25. Qg6+ {[%emt 0:00:52]} Bg7 {[%emt 0:00:07]} 26. Be4 {[%emt 0:00:22]} Rxf1+ {[%emt 0:02:18]} 27. Rxf1 {[%emt 0:00:13]} 1-0

[Event "4NCL 2021-22"]
[Site "England"]
[Date "2022.03.27"]
[Round "6.1"]
[White "Adams, Michael"]
[Black "Clarke, Brandon G I"]
[Result "1-0"]
[WhiteElo "2698"]
[BlackElo "2430"]
[Annotator "TA"]
[PlyCount "67"]
[EventDate "2021.11.27"]
[EventType "team-tourn"]
[EventCountry "ENG"]
[SourceTitle "playchess.com"]
[Source "ChessBase"]
[SourceQuality "1"]

{[%evp 9,67,9,18,14,0,0,15,14,19,-7,0,0,0,0,31,17,2,12,26,27,40,17,64,54,107,95,98,102,100,109,221,228,281,272,270,220,307,301,276,286,337,352,341,333,277,295,393,398,405,379,575,497,469,481,844,823,822,809,1431,1324]} 1. e4 c5 2. Nf3 d6 3. Bb5+ Nd7 4. d4 cxd4 5. Qxd4 a6 6. Be2 {B51: Sicilian: Moscow Variation (3 Bb5+) without 3...Bd7.} Ngf6 7. O-O e5 8. Qe3 {The position is equal.} Ng4 (8... Nc5 $5 {[%cal Rc5e4]}) 9. Qc3 Nc5 10. Nfd2 Nf6 11. Qe3 $36 {[%mdl 2048] White has some pressure.} h5 12. Rd1 g6 {[#]} 13. Bf1 $146 ({Predecessor:} 13. Nc4 Qc7 14. Nc3 b5 15. Qf3 Ncxe4 16. Nxe4 Nxe4 17. Nd2 d5 18. Nxe4 dxe4 19. Qxe4 Bb7 20. Qe3 Bc5 21. Qh3 {1-0 (38) Deac,B (2679)-Vokhidov,S (2536) Chess.com INT 2022}) 13... Bh6 14. Qe1 b5 15. Nc3 (15. b4 $5 {[%cal Rb4c5]} Ne6 16. c4 $11) 15... Bb7 (15... Bg4 $11) 16. a4 (16. f3 {keeps more tension.} O-O 17. a4 b4 18. Na2 a5 19. Nc4) 16... O-O {Black is now going downhill.} (16... Bxd2 $14 17. Bxd2 b4) 17. axb5 $16 axb5 18. Rxa8 Qxa8 19. Nxb5 {Hoping for b4.} Bxd2 (19... Rd8 $16 {might work better.}) 20. Bxd2 $18 Bxe4 21. Bh6 ({Don't play} 21. Nxd6 Bxc2 22. Rc1 (22. Qxe5 Ncd7 $17) 22... Nce4 $18) 21... Rb8 22. Rxd6 Ng4 23. Be3 {A strong pair of Bishops.} Ne6 24. c4 Bc6 25. h3 Nf6 26. b4 {[%cal Bb2b4,Bb4b5][%mdl 32]} Ne4 27. Rd1 Rd8 28. Rxd8+ Qxd8 29. Nc3 Nd4 (29... Nf6 $142 30. b5 Ba8) 30. Nxe4 {White is clearly winning.} Bxe4 31. b5 {[#] Bxd4 is the strong threat.} Qd6 (31... Nc2 $142 32. Bg5 Qd4) 32. Bxd4 Qxd4 33. c5 f5 34. Qc1 {Weighted Error Value: White=0.08 (flawless) /Black=0.36} 1-0

[Event "4NCL 2021-22"]
[Site "England"]
[Date "2022.03.27"]
[Round "6.2"]
[White "Wadsworth, Matthew J"]
[Black "Tan, Justin"]
[Result "1/2-1/2"]
[WhiteElo "2435"]
[BlackElo "2526"]
[Annotator "ChessBase"]
[PlyCount "54"]
[EventDate "2021.11.27"]
[EventType "team-tourn"]
[EventCountry "ENG"]
[SourceTitle "playchess.com"]
[Source "ChessBase"]
[SourceQuality "1"]
[TimeControl "40/6000+30:3000+30"]

1. Nf3 {[%emt 0:00:57]} c5 {[%emt 0:01:12]} 2. g3 {[%emt 0:00:24]} Nc6 {[%emt 0:00:50]} 3. c4 {[%emt 0:00:24]} g6 {[%emt 0:00:15]} 4. Bg2 {[%emt 0:00:27]} Bg7 {[%emt 0:00:08]} 5. Nc3 {[%emt 0:00:09]} d6 {[%emt 0:00:27]} 6. O-O {[%emt 0:00:55]} e6 {[%emt 0:03:56]} 7. a3 {[%emt 0:00:52]} Nge7 {[%emt 0:00:19]} 8. Rb1 {[%emt 0:00:48]} O-O {[%emt 0:00:57]} 9. b4 {[%emt 0:01:24]} b6 {[%emt 0:00:38]} 10. bxc5 {[%emt 0:02:17]} dxc5 {[%emt 0:01:16]} 11. Bb2 {[%emt 0:00:00]} Bb7 {[%emt 0:01:46]} 12. Na4 {[%emt 0:02:33]} e5 {[%emt 0:11:57]} 13. Nxe5 {[%emt 0:04:27]} Bxe5 {[%emt 0:00:11]} 14. Bxe5 {[%emt 0:00:10]} Nxe5 {[%emt 0:00:04]} 15. Bxb7 {[%emt 0:00:08]} Rb8 {[%emt 0:01:07]} 16. Bg2 {[%emt 0:01:40]} Nxc4 {[%emt 0:01:04]} 17. d3 {[%emt 0:00:16]} Ne5 {[%emt 0:00:43]} 18. Nc3 {[%emt 0:02:02]} Qd7 {[%emt 0:10:06]} 19. Qd2 {[%emt 0:02:10]} Rbd8 {[%emt 0:07:33]} 20. Ne4 {[%emt 0:07:32]} f6 {[%emt 0:06:13]} 21. Qa2+ {[%emt 0:02:19]} Kg7 {[%emt 0:00:19]} 22. a4 {[%emt 0:02:37]} N5c6 {[%emt 0:06:58]} 23. a5 {[%emt 0:02:23]} Nb4 {[%emt 0:04:16]} 24. Qc4 {[%emt 0:07:21]} Qd4 {[%emt 0:03:42]} 25. Qb5 {[%emt 0:04:03]} Qd7 {[%emt 0:02:01]} 26. Qc4 {[%emt 0:03:31]} Qd4 {[%emt 0:04:40]} 27. Qb5 {[%emt 0:00:59]} Qd7 {[%emt 0:01:06]} 1/2-1/2

[Event "4NCL 2021-22"]
[Site "England"]
[Date "2022.03.27"]
[Round "6.3"]
[White "Speelman, Jon S"]
[Black "Hebden, Mark L"]
[Result "1-0"]
[WhiteElo "2504"]
[BlackElo "2455"]
[Annotator "ChessBase"]
[PlyCount "145"]
[EventDate "2021.11.27"]
[EventType "team-tourn"]
[EventCountry "ENG"]
[SourceTitle "playchess.com"]
[Source "ChessBase"]
[SourceQuality "1"]
[TimeControl "40/6000+30:3000+30"]

1. d4 {[%emt 0:00:34]} Nf6 {[%emt 0:00:16]} 2. Nf3 {[%emt 0:00:52]} g6 {[%emt 0:00:27]} 3. g3 {[%emt 0:00:08]} Bg7 {[%emt 0:01:35]} 4. Bg2 {[%emt 0:00:05]} O-O {[%emt 0:01:24]} 5. O-O {[%emt 0:00:06]} d6 {[%emt 0:00:52]} 6. Re1 {[%emt 0:00:37]} Nbd7 {[%emt 0:02:24]} 7. e4 {[%emt 0:00:33]} e5 {[%emt 0:00:21]} 8. a4 {[%emt 0:06:14]} a5 {[%emt 0:03:23]} 9. Nc3 {[%emt 0:00:46]} b6 {[%emt 0:01:16]} 10. h3 {[%emt 0:05:04]} Bb7 {[%emt 0:01:00]} 11. d5 {[%emt 0:00:29]} Nc5 {[%emt 0:04:25]} 12. Nd2 {[%emt 0:05:58]} Bh6 {[%emt 0:07:50]} 13. Nc4 {[%emt 0:05:16]} Bxc1 {[%emt 0:00:30]} 14. Rxc1 {[%emt 0:00:08]} Nh5 {[%emt 0:04:12]} 15. Ne3 {[%emt 0:02:23]} Qg5 {[%emt 0:02:39]} 16. Nb5 {[%emt 0:06:45]} Qe7 {[%emt 0:05:47]} 17. c3 {[%emt 0:00:17]} Nf6 {[%emt 0:05:00]} 18. Qc2 {[%emt 0:01:11]} c6 {[%emt 0:07:58]} 19. dxc6 {[%emt 0:02:44]} Bxc6 {[%emt 0:00:11]} 20. Nc4 {[%emt 0:00:13]} Rab8 {[%emt 0:03:27]} 21. Ncxd6 {[%emt 0:03:36]} Rfd8 {[%emt 0:04:15]} 22. Rcd1 {[%emt 0:07:34]} Rxd6 {[%emt 0:07:19]} 23. Nxd6 {[%emt 0:00:07]} Bxa4 {[%emt 0:00:11]} 24. Qe2 {[%emt 0:00:13]} Bxd1 {[%emt 0:01:32]} 25. Rxd1 {[%emt 0:00:07]} Rd8 {[%emt 0:02:16]} 26. Nc4 {[%emt 0:00:36]} Rxd1+ {[%emt 0:04:51]} 27. Qxd1 {[%emt 0:00:05]} Qc7 {[%emt 0:01:53]} 28. Qe2 {[%emt 0:01:57]} a4 {[%emt 0:02:15]} 29. Nd2 {[%emt 0:04:43]} Ne8 {[%emt 0:01:57]} 30. Nc4 {[%emt 0:02:34]} Kf8 {[%emt 0:02:48]} 31. Ne3 {[%emt 0:00:48]} Nf6 {[%emt 0:01:46]} 32. Qb5 {[%emt 0:00:19]} Qd6 {[%emt 0:01:19]} 33. Bf3 {[%emt 0:02:27]} Kg7 {[%emt 0:05:49]} 34. Kg2 {[%emt 0:01:57]} Qd2 {[%emt 0:09:37]} 35. Nc4 {[%emt 0:03:17]} Qd3 {[%emt 0:01:03]} 36. Qb4 {[%emt 0:01:13]} Nfd7 {[%emt 0:02:14]} 37. Nxb6 {[%emt 0:01:02]} Nxb6 {[%emt 0:02:57]} 38. Qxb6 {[%emt 0:00:45]} Qc4 {[%emt 0:05:33]} 39. Qc7 {[%emt 0:01:11]} Kf6 {[%emt 0:00:37]} 40. Qc6+ {[%emt 0:11:43]} Ke7 {[%emt 0:01:32]} 41. Kg1 {[%emt 0:51:23]} a3 {[%emt 0:50:52]} 42. Qc7+ {[%emt 0:01:16]} Kf6 {[%emt 0:00:59]} 43. Qd6+ {[%emt 0:00:38]} Qe6 {[%emt 0:00:06]} 44. Qxe6+ {[%emt 0:00:07]} Kxe6 {[%emt 0:00:10]} 45. bxa3 {[%emt 0:00:04]} Na4 {[%emt 0:00:08]} 46. Bd1 {[%emt 0:01:40]} Nxc3 {[%emt 0:00:08]} 47. Bb3+ {[%emt 0:00:03]} Ke7 {[%emt 0:01:07]} 48. f3 {[%emt 0:02:14]} f6 {[%emt 0:00:44]} 49. Kf2 {[%emt 0:00:21]} Kd6 {[%emt 0:00:09]} 50. Ke3 {[%emt 0:01:23]} Kc5 {[%emt 0:00:18]} 51. f4 {[%emt 0:01:24]} Nb5 {[%emt 0:00:48]} 52. a4 {[%emt 0:01:07]} Nd4 {[%emt 0:00:34]} 53. Bg8 {[%emt 0:00:30]} h6 {[%emt 0:00:09]} 54. fxe5 {[%emt 0:03:34]} fxe5 {[%emt 0:00:05]} 55. Kd3 {[%emt 0:01:14]} Kb4 {[%emt 0:00:09]} 56. a5 {[%emt 0:00:04]} Kxa5 {[%emt 0:00:08]} 57. Kc4 {[%emt 0:00:03]} Kb6 {[%emt 0:01:45]} 58. Kd5 {[%emt 0:00:10]} Nf3 {[%emt 0:00:10]} 59. Bf7 {[%emt 0:00:23]} g5 {[%emt 0:00:41]} 60. Bh5 {[%emt 0:00:07]} Nd2 {[%emt 0:00:34]} 61. Kxe5 {[%emt 0:00:15]} Kc7 {[%emt 0:00:19]} 62. Kf5 {[%emt 0:02:21]} Kd6 {[%emt 0:00:16]} 63. e5+ {[%emt 0:00:10]} Ke7 {[%emt 0:00:06]} 64. Be2 {[%emt 0:00:52]} Kf7 {[%emt 0:00:13]} 65. g4 {[%emt 0:05:22]} Ke7 {[%emt 0:00:25]} 66. Kg6 {[%emt 0:00:06]} Ke6 {[%emt 0:01:02]} 67. Kxh6 {[%emt 0:00:06]} Ne4 {[%emt 0:00:12]} 68. Bf3 {[%emt 0:00:18]} Nf2 {[%emt 0:00:45]} 69. Bg2 {[%emt 0:00:05]} Kxe5 {[%emt 0:01:56]} 70. Kxg5 {[%emt 0:00:06]} Nd3 {[%emt 0:00:52]} 71. Kh6 {[%emt 0:00:50]} Nf4 {[%emt 0:01:54]} 72. Bf1 {[%emt 0:00:06]} Kf6 {[%emt 0:00:14]} 73. h4 {[%emt 0:02:02]} 1-0

[Event "4NCL 2021-22"]
[Site "England"]
[Date "2022.03.27"]
[Round "6.4"]
[White "Suarez Real, Alberto"]
[Black "McPhillips, Joseph"]
[Result "1-0"]
[WhiteElo "2445"]
[BlackElo "2413"]
[Annotator "NA"]
[PlyCount "104"]
[EventDate "2021.11.27"]
[EventType "team-tourn"]
[EventCountry "ENG"]
[SourceTitle "playchess.com"]
[Source "ChessBase"]
[SourceQuality "1"]
[TimeControl "40/6000+30:3000+30"]

1. e4 {[%emt 0:00:03]} c5 {[%emt 0:00:03]} 2. Nf3 {[%emt 0:00:16]} e6 {[%emt 0:00:06]} 3. d4 {[%emt 0:00:14]} cxd4 {[%emt 0:00:06]} 4. Nxd4 {[%emt 0:00:02]} a6 {[%emt 0:00:06]} 5. Bd3 {[%emt 0:01:53]} Bc5 {[%emt 0:00:09]} 6. Nb3 {[%emt 0:00:30]} Be7 {[%emt 0:00:07]} 7. O-O {[%emt 0:04:00]} d6 {[%emt 0:08:32]} 8. f4 {[%emt 0:01:06]} Qc7 {[%emt 0:02:06]} 9. Qe2 {[%emt 0:05:01]} Nc6 {[%emt 0:07:47]} 10. Bd2 {[%emt 0:35:59]} Nf6 {[%emt 0:04:43]} 11. c4 {[%emt 0:02:12]} Nd7 {[%emt 0:09:05]} 12. Nc3 {[%emt 0:05:04]} Bf6 {[%emt 0:02:36]} 13. Rae1 {[%emt 0:16:20]} b6 {[%emt 0:02:37]} 14. e5 {[%emt 0:13:35]} dxe5 {[%emt 0:01:25] [#]} 15. f5 $1 {[%emt 0:01:06]} Bb7 {[%emt 0:09:33]} (15... Nc5 $16) 16. fxe6 {[%emt 0:01:51]} fxe6 {[%emt 0:00:02]} 17. Qh5+ {[%emt 0:08:21]} g6 {[%emt 0:00:57]} 18. Qh3 {[%emt 0:07:58]} Nd8 {[%emt 0:01:59]} 19. Be4 {[%emt 0:01:59]} Qxc4 $2 {[%emt 0:02:26]} ({Black should try} 19... O-O $1 $14) 20. Bxb7 {[%emt 0:00:53]} Nxb7 {[%emt 0:01:35]} 21. Ne4 {[%emt 0:00:40]} O-O {[%emt 0:05:03]} 22. Bh6 {[%emt 0:01:26]} Rf7 $2 {[%emt 0:00:52]} (22... Be7 $16 {is tougher.}) 23. Nbd2 $2 {[%emt 0:00:48]} (23. Qf3 $18) 23... Qxa2 $2 {[%emt 0:03:42]} (23... Qd5 $1 $14) 24. Nf3 $2 {[%emt 0:00:24] [#]} (24. Nb3 $18) 24... Nbc5 {[%emt 0:00:02] [#]} (24... Qxb2 $2 25. Qxe6 Nbc5 26. Qd5 $18) ({Better is} 24... Qd5 $1 $17 25. Bg5 Bg7) 25. Nfg5 $11 {[%emt 0:00:33]} (25. Nxe5 $1 $16 Bxe5 26. Rxf7 Bd4+ 27. Be3 Bxe3+ 28. Qxe3 (28. Rxe3 Kxf7 29. Qxh7+ Ke8 $11) 28... Kxf7 29. Nxc5 Nxc5 30. Qf3+ Kg7 31. Qxa8 Qxb2 32. Qd8) 25... Bxg5 {[%emt 0:15:46]} 26. Rxf7 {[%emt 0:00:03]} Kxf7 {[%emt 0:00:05]} 27. Bxg5 {[%emt 0:01:05]} Kg8 {[%emt 0:00:00]} 28. Nxc5 {[%emt 0:00:36]} bxc5 {[%emt 0:03:01]} 29. Bh6 {[%emt 0:00:16]} Rb8 {[%emt 0:01:52]} 30. Rf1 {[%emt 0:00:31]} e4 {[%emt 0:02:01]} 31. Qg3 {[%emt 0:00:31]} Qxb2 {[%emt 0:00:52]} 32. Qc7 {[%emt 0:00:36]} Qe5 {[%emt 0:11:46]} 33. Qa7 {[%emt 0:00:14]} Qd6 {[%emt 0:02:38]} 34. h3 {[%emt 0:00:50]} e5 {[%emt 0:04:14]} 35. Kh2 {[%emt 0:00:30]} g5 {[%emt 0:00:42]} 36. Rf5 {[%emt 0:00:32]} Rc8 {[%emt 0:06:34]} 37. Rxg5+ {[%emt 0:00:04]} Kf7 {[%emt 0:00:04]} 38. Rg7+ {[%emt 0:00:32]} Ke6 {[%emt 0:00:02]} 39. Qb7 {[%emt 0:00:52]} Rb8 {[%emt 0:01:11]} 40. Qxe4 {[%emt 0:00:30]} Rb4 {[%emt 0:02:09]} 41. Qe3 {[%emt 0:08:59]} Nf6 {[%emt 0:01:25]} 42. Qf2 {[%emt 0:11:34]} Qd4 {[%emt 0:05:03]} 43. Qa2+ {[%emt 0:03:00]} Qc4 {[%emt 0:02:30]} 44. Qa5 {[%emt 0:00:21]} Rb1 {[%emt 0:03:15]} 45. Qc7 {[%emt 0:06:20]} Qd4 {[%emt 0:01:24]} 46. Qf7+ {[%emt 0:08:15]} Kf5 {[%emt 0:00:06]} 47. Rg5+ {[%emt 0:00:17]} Ke4 {[%emt 0:00:06]} 48. Qxf6 {[%emt 0:01:10]} Qg1+ {[%emt 0:00:05]} 49. Kg3 {[%emt 0:00:05]} Qe1+ {[%emt 0:00:05]} 50. Kg4 {[%emt 0:02:39]} Qe2+ {[%emt 0:00:40]} 51. Kh4 {[%emt 0:02:00]} Qf2+ {[%emt 0:00:07]} 52. Qxf2 {[%emt 0:00:08]} Kd5 {[%emt 0:00:07]} 1-0

[Event "4NCL 2021-22"]
[Site "England"]
[Date "2022.03.27"]
[Round "6.5"]
[White "Harvey, Marcus R"]
[Black "Kilpatrick, Callum"]
[Result "0-1"]
[WhiteElo "2464"]
[BlackElo "2409"]
[Annotator "ChessBase"]
[PlyCount "68"]
[EventDate "2021.11.27"]
[EventType "team-tourn"]
[EventCountry "ENG"]
[SourceTitle "playchess.com"]
[Source "ChessBase"]
[SourceQuality "1"]
[TimeControl "40/6000+30:3000+30"]

1. c4 {[%emt 0:09:53]} Nf6 {[%emt 0:00:47]} 2. Nc3 {[%emt 0:00:02]} d5 {[%emt 0:04:12]} 3. cxd5 {[%emt 0:00:14]} Nxd5 {[%emt 0:00:07]} 4. Nf3 {[%emt 0:00:03]} g6 {[%emt 0:01:38]} 5. h4 {[%emt 0:00:20]} Bg7 {[%emt 0:08:48]} 6. h5 {[%emt 0:01:13]} Nxc3 {[%emt 0:00:17]} 7. bxc3 {[%emt 0:00:07]} c5 {[%emt 0:00:18]} 8. Qb3 {[%emt 0:00:34]} Nc6 {[%emt 0:07:01]} 9. Ng5 {[%emt 0:02:44]} e6 {[%emt 0:19:59]} 10. Ne4 {[%emt 0:01:25]} b6 {[%emt 0:13:02]} 11. d3 {[%emt 0:12:42]} f5 {[%emt 0:06:47]} 12. Bg5 {[%emt 0:18:47]} Qc7 {[%emt 0:01:11]} 13. h6 {[%emt 0:00:05]} Be5 {[%emt 0:03:07]} 14. Nd2 {[%emt 0:01:19]} O-O {[%emt 0:00:46]} 15. Rc1 {[%emt 0:03:01]} Na5 {[%emt 0:05:06]} 16. Qa4 {[%emt 0:02:24]} Bb7 {[%emt 0:00:29]} 17. Qh4 {[%emt 0:02:05]} f4 {[%emt 0:14:17]} 18. Nf3 {[%emt 0:05:55]} Rf5 {[%emt 0:05:06]} 19. Rh3 {[%emt 0:01:38]} Raf8 {[%emt 0:01:55]} 20. e4 {[%emt 0:04:33]} R5f7 {[%emt 0:06:35]} 21. Be2 {[%emt 0:05:02]} Bh8 {[%emt 0:00:28]} 22. Nd2 {[%emt 0:00:27]} Nc6 {[%emt 0:01:33]} 23. g3 {[%emt 0:06:58]} f3 {[%emt 0:02:39]} 24. Bf1 {[%emt 0:04:44]} Ne5 {[%emt 0:00:22]} 25. Bf4 {[%emt 0:03:35]} Qd7 {[%emt 0:00:02]} 26. Bxe5 {[%emt 0:00:43]} Bxe5 {[%emt 0:00:02]} 27. Qg5 {[%emt 0:04:59]} Bf6 {[%emt 0:00:33]} 28. Qe3 {[%emt 0:01:05]} Qd8 {[%emt 0:00:34]} 29. Nxf3 {[%emt 0:02:30]} Bxc3+ {[%emt 0:00:14]} 30. Rxc3 {[%emt 0:00:05]} Rxf3 {[%emt 0:00:03]} 31. Qd2 {[%emt 0:04:54]} Rxf2 {[%emt 0:00:09]} 32. Be2 {[%emt 0:02:12]} Qf6 {[%emt 0:00:35]} 33. Rc1 {[%emt 0:10:07]} Rf1+ {[%emt 0:00:53]} 34. Bxf1 {[%emt 0:00:06]} Qxf1# {[%emt 0:00:05]} 0-1

[Event "4NCL 2021-22"]
[Site "England"]
[Date "2022.03.27"]
[Round "6.7"]
[White "McDonald, Neil"]
[Black "Golding, Alex"]
[Result "1-0"]
[WhiteElo "2408"]
[BlackElo "2331"]
[Annotator "NA"]
[PlyCount "127"]
[EventDate "2021.11.27"]
[EventType "team-tourn"]
[EventCountry "ENG"]
[SourceTitle "playchess.com"]
[Source "ChessBase"]
[SourceQuality "1"]
[TimeControl "40/6000+30:3000+30"]

1. e4 {[%emt 0:00:08]} e5 {[%emt 0:00:14]} 2. Nf3 {[%emt 0:00:07]} Nc6 {[%emt 0:00:04]} 3. Bb5 {[%emt 0:00:06]} a6 {[%emt 0:00:12]} 4. Ba4 {[%emt 0:00:05]} Nf6 {[%emt 0:00:06]} 5. d3 {[%emt 0:00:32]} b5 {[%emt 0:00:06]} 6. Bb3 {[%emt 0:00:05]} Be7 {[%emt 0:00:04]} 7. O-O {[%emt 0:01:11]} d6 {[%emt 0:00:04]} 8. a4 {[%emt 0:01:46]} Na5 {[%emt 0:01:25]} 9. axb5 {[%emt 0:09:18]} Nxb3 {[%emt 0:00:05]} 10. cxb3 {[%emt 0:00:08]} O-O {[%emt 0:01:16]} 11. Nc3 {[%emt 0:00:54]} Bb7 {[%emt 0:00:04]} 12. bxa6 {[%emt 0:01:38]} Rxa6 {[%emt 0:00:04]} 13. Rxa6 {[%emt 0:01:31]} Bxa6 {[%emt 0:00:04]} 14. Re1 {[%emt 0:01:40]} c6 {[%emt 0:04:49]} 15. d4 {[%emt 0:01:36]} Nd7 {[%emt 0:01:08]} 16. Be3 {[%emt 0:07:44]} Qa8 {[%emt 0:16:00]} 17. Qc2 {[%emt 0:04:30]} exd4 {[%emt 0:07:20]} (17... h6 $14) 18. Bxd4 {[%emt 0:03:25]} Bb7 {[%emt 0:00:54]} 19. Be3 {[%emt 0:29:09]} Re8 {[%emt 0:04:35]} 20. Rd1 {[%emt 0:03:08]} Bf8 {[%emt 0:00:12]} 21. Bf4 {[%emt 0:01:31]} d5 {[%emt 0:08:14]} 22. exd5 {[%emt 0:03:26]} cxd5 {[%emt 0:00:05]} 23. Qf5 {[%emt 0:08:55]} Nf6 {[%emt 0:14:36]} 24. Be5 {[%emt 0:01:07]} Be7 {[%emt 0:07:29] [#]} (24... d4 $14 25. Bxd4 (25. Bxf6 dxc3 26. Ng5 Be4 $16) 25... Rd8) 25. Bxf6 {[%emt 0:05:33]} ({White should play} 25. b4 $1 $16) 25... Bxf6 {[%emt 0:00:11]} 26. Nxd5 {[%emt 0:00:48]} Bxb2 {[%emt 0:04:43]} 27. h3 {[%emt 0:03:37]} g6 {[%emt 0:03:04]} 28. Qd7 {[%emt 0:02:46]} Bxd5 {[%emt 0:00:12]} 29. Qxd5 $14 {[%emt 0:01:30]} Qa7 {[%emt 0:03:14]} 30. Rd2 {[%emt 0:03:59]} Bc3 {[%emt 0:01:27]} 31. Rc2 {[%emt 0:01:30]} Bf6 {[%emt 0:01:21]} 32. Qc4 {[%emt 0:01:17]} Rb8 {[%emt 0:00:47]} 33. Re2 {[%emt 0:01:55]} Qa1+ {[%emt 0:02:20]} 34. Kh2 {[%emt 0:01:04]} Qd1 {[%emt 0:00:26]} 35. Re3 {[%emt 0:01:23]} Qd6+ {[%emt 0:01:27]} 36. g3 {[%emt 0:00:20]} h5 {[%emt 0:02:41]} 37. h4 {[%emt 0:00:36]} Kg7 {[%emt 0:00:39]} 38. Ng5 {[%emt 0:03:25]} Bxg5 {[%emt 0:00:34]} 39. hxg5 {[%emt 0:00:05]} Rb4 {[%emt 0:00:39]} 40. Qc3+ {[%emt 0:01:01]} Qd4 {[%emt 0:00:04]} 41. Kg2 {[%emt 0:52:48]} Qxc3 {[%emt 0:50:32]} 42. Rxc3 {[%emt 0:00:23]} Rb5 {[%emt 0:00:11]} 43. f4 {[%emt 0:00:12]} Rb7 {[%emt 0:00:05]} 44. Kf3 {[%emt 0:00:36]} f6 {[%emt 0:00:04]} 45. gxf6+ {[%emt 0:00:39]} Kxf6 {[%emt 0:00:04]} 46. Ke4 {[%emt 0:03:48]} Re7+ {[%emt 0:00:23]} 47. Kd3 {[%emt 0:00:00]} Rd7+ {[%emt 0:00:00]} 48. Kc2 {[%emt 0:00:00]} Kf5 {[%emt 0:00:00]} 49. Rc5+ {[%emt 0:00:00]} Ke4 {[%emt 0:00:00]} 50. Rg5 {[%emt 0:00:00]} Rc7+ {[%emt 0:00:00]} 51. Kb2 {[%emt 0:00:00]} Rc6 {[%emt 0:00:00]} 52. b4 {[%emt 0:00:00]} Kd4 {[%emt 0:00:00]} 53. b5 {[%emt 0:00:00]} Rf6 {[%emt 0:00:00]} 54. Kb3 {[%emt 0:00:00]} h4 {[%emt 0:00:00]} 55. gxh4 {[%emt 0:00:00]} Rxf4 {[%emt 0:00:00]} 56. Kb4 {[%emt 0:00:00]} Rxh4 {[%emt 0:00:00]} 57. b6 {[%emt 0:00:00]} Rh1 {[%emt 0:00:00]} 58. Kb5 {[%emt 0:00:00]} Rb1+ {[%emt 0:00:00]} 59. Kc6 {[%emt 0:00:00]} Rc1+ {[%emt 0:00:00]} 60. Kd7 {[%emt 0:00:00]} Rb1 {[%emt 0:00:00]} 61. Kc7 {[%emt 0:00:00]} Rc1+ {[%emt 0:00:00]} 62. Kb8 {[%emt 0:00:00]} Ke4 {[%emt 0:00:00]} 63. b7 {[%emt 0:00:00]} Kf4 {[%emt 0:00:00]} 64. Rxg6 {[%emt 0:00:00]} 1-0